| 000 | 01367nam a2200301 i 4500 | ||
|---|---|---|---|
| 001 | 47171 | ||
| 003 | ES-MaACL | ||
| 005 | 20250404175421.0 | ||
| 007 | t| | ||
| 008 | 030404s1950 sp ||||1| spa d | ||
| 245 | 0 | 3 |
_aEl consumo y los movimientos comerciales de grasas en el mundo / _c[publicación al cuidado de Marcial Polo Díez]. |
| 260 |
_aMadrid : _bSindicato Vertical del Olivo, _c1950 ( _fIbarra) |
||
| 300 |
_a207 p. : _b14 map., 4 gráfs. ; _c24 cm. |
||
| 505 | 8 |
_aContiene: ; _tEl movimiento de las grasas comestibles en el mercado mundial / _rpor Rafael López Palao. -- _tEl consumo de grasas en el mundo / _rpor A. Barbancho |
|
| 510 |
_aCCPB, _c001299222-4 |
||
| 650 | 0 | 4 |
_aAceites y grasas. _99582 |
| 700 | 1 |
_aPolo Díez, Marcial. _992877 |
|
| 700 | 1 |
_aLópez Palau, Rafael. _973857 |
|
| 700 | 1 |
_aBarbancho, A. _925379 |
|
| 710 | 2 |
_aSindicato Vertical del Olivo. _96618 |
|
| 740 | 3 | 2 | _aEl movimiento de las grasas comestibles en el mercado mundial. |
| 740 | 3 | 2 | _aEl consumo de grasas en el mundo. |
| 852 |
_aES-MaACL _jD-6579 _948938 _bR.30787 _bR.M.6169 _cSVI _fSello en tinta azul de la Biblioteca del Ateneo de Madrid _zEn cubierta: "16. ABR. 1951" |
||
| 942 |
_2udc _cMONOGRAFIA |
||
| 999 |
_c47171 _d47171 |
||